A changing landscape: the valuation of contaminated land and property. (Record no. 93644)

MARC details
000 -LEADER
fixed length control field 00989cam a2200265 4500
008 - FIXED-LENGTH DATA ELEMENTS--GENERAL INFORMATION
fixed length control field 090401t1995 xxu||||| |||| 00| 0 eng d
020 ## - INTERNATIONAL STANDARD BOOK NUMBER
International Standard Book Number 1899769706
035 ## - SYSTEM CONTROL NUMBER
System control number (Sirsi) u55748
041 ## - LANGUAGE CODE
Language code of text/sound track or separate title eng
050 ## - LIBRARY OF CONGRESS CALL NUMBER
Classification number 333.332
100 ## - MAIN ENTRY--PERSONAL NAME
Personal name Richards, Tim
245 #2 - TITLE STATEMENT
Title A changing landscape: the valuation of contaminated land and property.
260 ## - PUBLICATION, DISTRIBUTION, ETC.
Place of publication, distribution, etc. Reading
Name of publisher, distributor, etc. College of Estate Management
Date of publication, distribution, etc. 1995
300 ## - PHYSICAL DESCRIPTION
Extent xiv,124p. ; 30cm.
350 ## - PRICE (NR) (BK AM CF MU VM SE) [OBSOLETE]
Price 35
490 ## - SERIES STATEMENT
Series statement College of Estate Management Research Report
Volume/sequential designation 1995/2
520 ## - SUMMARY, ETC.
Summary, etc. Based on interviews and questionnaires, the research set out to produce a set of best practice approaches to offering advice or valuations of contaminated land or property. Rsearch carried out when VGN11 (White Book) was still in operation.
650 ## - SUBJECT ADDED ENTRY--TOPICAL TERM
Topical term or geographic name entry element CHANGING LANDSCAPE
650 ## - SUBJECT ADDED ENTRY--TOPICAL TERM
Topical term or geographic name entry element CONTAMINATED LAND
650 ## - SUBJECT ADDED ENTRY--TOPICAL TERM
Topical term or geographic name entry element VGN11
690 ## - LOCAL SUBJECT ADDED ENTRY--TOPICAL TERM (OCLC, RLIN)
Topical term or geographic name as entry element RATING AND VALUATION
710 ## - ADDED ENTRY--CORPORATE NAME
Corporate name or jurisdiction name as entry element College of Estate Management
9 (RLIN) 400
942 ## - ADDED ENTRY ELEMENTS (KOHA)
Suppress in OPAC 0
948 ## - LOCAL PROCESSING INFORMATION (OCLC); SERIES PART DESIGNATOR (RLIN)
c (OCLC) 04/03/1997
Holdings
Withdrawn status Lost status Source of classification or shelving scheme Damaged status Not for loan Home library Current library Shelving location Date acquired Cost, normal purchase price Total Checkouts Full call number Barcode Date last seen Date last checked out Copy number Cost, replacement price Price effective from Koha item type
    Dewey Decimal Classification     London London Folio 07/03/1996 35.00 5 F333.332 30047436 06/08/2019 19/03/2002 1 35.00 06/08/2019 Book